Normal view
MARC view
- Tombs
Entry Topical Term
001 - CONTROL NUMBER
- control field: 4844
003 - CONTROL NUMBER IDENTIFIER
- control field: NUST
005 - DATE AND TIME OF LATEST TRANSACTION
- control field: 20170922122427.0
008 - FIXED-LENGTH DATA ELEMENTS
- fixed length control field: 170922|| aca||aabn | a|a d
040 ## - CATALOGING SOURCE
- Original cataloging agency: NUST
- Transcribing agency: NUST
150 ## - HEADING--TOPICAL TERM
- Topical term or geographic name entry element: Tombs
- Geographic subdivision: Pakistan
- Geographic subdivision: Makli Hills Site.
670 ## - SOURCE DATA FOUND
- Source citation: Work cat.: (NUST)0: Nadiem, Ihsan H. 3762, Makli :, 2000.
